000 00459nam a2200181Ia 4500
008 210210b1977 xxu||||| |||| 00| 0 eng d
041 _aeng
082 _a530.02 ASSQ
100 _aASSOCIATION OF INDIAN UNIVERSITIES
245 _aQuestion bank: physics
260 _aND
_bAsso. of Indian Universities
_c1977
300 _axvi,413
650 _aQuestion
650 _aphysics
650 _abank:
690 _aPhysics Question Bank
906 _aSG00147
999 _c111682
_d111682